000 04731cam a22018614i 4500
003 PE-LiUPU
005 20250813165502.0
008 171201s2010 ck r 001 0 spa d
020 _a849110139X
020 _a9788491101390
035 _a(Sirsi) a240248
082 0 4 _a615.8362
_bG9
_223
245 _aGuía escencial de metodología en ventilación mecánica no invasiva /
_cEsquinas Rodríguez.
250 _a1a edición.
264 1 _aBogotá :
_bEditorial médica panamericana,
_c2010
300 _a823 páginas ;
_c19 centímetros
336 _atext
_2rdacontent
337 _aunmediated
_2rdamedia
338 _avolume
_2rdacarrier
504 _aBibliografía al final de cada tema.
505 0 _aGeneralidades. Interfases, dispositivos y equipamiento. Interacción paciente-ventialdor. Respuesta -- Metodología en ventilación no invasiva -- Cuidados y procedimientos del paciente en ventilación mecánica no invasiva -- Aplicaciones clínicas de la ventilación mecánica no invasiva -- Neonatología y pediatría. Principios básicos -- Bases metodológicas de la ventilación no invasiva en orden de no intubación y paliativos -- Bases metodológicas de la ventilación no invasiva en la organización hospitalaria -- Recomendaciones y aspectos de la ventilación no invasiva en coste, ética y evidencia científica.
526 _aP203
526 _aP200
526 _aSEG65
526 _aSEG64
526 _aSEG63
526 _aSEG62
526 _aSEG61
526 _aSEG60
526 _aSEG59
526 _aSEG58
526 _aSEG57
526 _aSEG56
526 _aSEG55
526 _aSEG54
526 _aSEG53
526 _aSEG52
526 _aSEG51
526 _aSEG50
526 _aSEG49
526 _aSEG48
526 _aSEG47
526 _aSEG46
526 _aSEG24
526 _aSEG23
526 _aSEG22
526 _aSEG21
526 _aSEG20
526 _aSEG19
526 _aSEG18
526 _aSEG17
526 _aSEG16
526 _aSEG14
526 _aSEG13
526 _aSEG12
526 _aSEG11
526 _aSEG10
526 _aSEG09
526 _aSEG06
526 _aSEG05
526 _aSEG04
526 _aSEG03
526 _aSEG02
526 _aSEG68
526 _aSEG66
526 _aSEG45
526 _aSEG25
526 _aSEG01
526 _aP163
526 _aP162
526 _aP161
526 _aP160
526 _aP159
526 _aP158
526 _aP157
526 _aP156
526 _aP155
526 _aP154
526 _aP153
526 _aP152
526 _aP151
526 _aP150
526 _aP149
526 _aP142
526 _aP141
526 _aP140
526 _aP139
526 _aP138
526 _aP137
526 _aP132
526 _aP131
526 _aP130
526 _aP126
526 _aP125
526 _aP124
526 _aP123
526 _aP115
526 _aP122
526 _aP121
526 _aP116
526 _a P114
526 _aP112
526 _aP111
526 _aP104
526 _aP103
526 _aP102
526 _aP101
526 _aP100
526 _aP96
526 _aP95
526 _aP93
526 _aP92
526 _aP91
526 _aP88
526 _aP83
526 _aP82
526 _aP79
526 _aP78
526 _aP75
526 _aP74
526 _aP71
526 _aP69
526 _a P51
526 _aP49
526 _aP48
526 _aP47
526 _aP33
526 _aP31
526 _a P30
526 _aP29
526 _aP27
526 _aP26
526 _aP25
526 _aP24
526 _a P22
526 _aP10
526 _aP09
526 _a P08
526 _aP06
526 _aP05
526 _aP04
526 _aP01
526 8 _iPrograma académico :
_5PE-LiUPU
541 _g0001-000549;
650 0 4 _aNeumología
_vGuías.
650 0 4 _aVentilación mecánica
_vGuías.
650 0 4 _aRespiración artificial
_v Guías.
650 0 4 _aCuidados intensivos respiratorios (Medicina).
650 0 4 _aPneumology
_vGuides
650 0 4 _aMechanic ventilation
_vGuides
650 0 4 _aArtificial respiration
_vGuides.
650 0 4 _aIntensive respiratory care (Medicine).
700 1 _aEsquinas Rodríguez, Antonio M.,
_ecoord.
910 _adbm
_bebj
_cebj
_d20171201
596 _a1
942 _2ddc
_cBOOK
999 _a615.8362 G9
_wDEWEY
_c25912
_i77188
_d25912
_f2021-11-4
_g4
_lCCODEBUL1
_mBUL
_p81.82
_q1
_r0
_sY
_tBOOK
_u2017-12-1
_xSALUD
_zP69
_0COMPRA
980 _81
_gALBERTO SANCHEZ Responsable de Automatización